| 000 | 00518nam a22001937a 4500 | ||
|---|---|---|---|
| 003 | KOHA_MİRAKIL | ||
| 005 | 20250414175402.0 | ||
| 008 | 250414b tu ||||| |||| 00| 0 tur d | ||
| 020 | _a9786258431230 | ||
| 040 |
_aTR-AnABB _btur _cTR-AnABB |
||
| 041 | _atur | ||
| 082 |
_a937.06092 _bSTR 2022 |
||
| 100 | 1 | _aStrauss, Barry, | |
| 245 | 1 | 0 |
_aSpartaküs / _cBarry Strauss |
| 260 |
_aİstanbul : _bKronik Kitap, _c2022 |
||
| 300 |
_a281 sayfa ; _c21 cm |
||
| 650 | 0 | 0 | _aTarih, Roma tarihi |
| 942 |
_2ddc _cBK |
||
| 999 |
_c8692 _d8692 |
||
| 900 | _bGizem YORULMAZ | ||